00423nam a2200157 a 45000010005000000030009000050080041000140400028000550820016000831000015000992450076001142600032001903000009002224900019002316500015002503186CO-ViMGA141112s2004 ck r 000 u spa d aCO-ViMGAbspacCO-ViMGA04a158.1 R614a1 aRobinson, 10aComo incrementar su autoestima / cRobinson Bryan E. , McCullers Jamey  aMexico : bPanorama, c1994 a67 p aExitogramas, 714aAUTOESTIMA